Podaj nazwę pierwiastka po jego symbolu - Statystyki

Ogólne statystyki
  • Ten quiz został rozwiązany 153 razy
    130 od ostatniego zresetowania
  • Średni wynik to 4 z 5
Statystyki odpowiedzi
Symbol Nazwa % Poprawnych
Br Brom
100%
Cl Chlor
100%
Zn Cynk
100%
He Hel
100%
I jod
100%
Si Krzem
100%
Li Lit
100%
Mg Magnez
100%
Cu Miedź
100%
Pb Ołów
100%
Ra Rad
100%
Hg Rtęć
100%
S Siarka
100%
Ag Srebro
100%
O Tlen
100%
Fe Żelazo
100%
Au Złoto
100%
C Węgiel
90%
Ba Bar
89%
Al Glin
86%
U Uran
83%
N Azot
80%
F Fluor
80%
K Potas
80%
Ca Wapń
75%
Ne Neon
71%
Na sód
67%
P Fosfor
60%
B Bor
57%
Sn Cyna
57%
Cs Cez
50%
Cn Kopernik
50%
Po Polon
50%
Pt Platyna
25%
Nie znaleziono quizów pasujących do podanych kryteriów
Rozkład punktacji
Procent ludzi z każdym wynikiem
Percentyl według liczby udzielonych odpowiedzi
Twoja historia wyników
Nie rozwiązałeś tego quizu od ostatniego zresetowania